| 000 | 00530ntaaa2200217 4500 | ||
|---|---|---|---|
| 003 | 01 | ||
| 005 | 20251027200739.0 | ||
| 008 | 0714s1973 ag 01 | ||
| 040 |
_aAR-BaBN _bspa _cAR-BaBN _eaacr _dRIC |
||
| 082 | _a783.9 | ||
| 100 |
_as.n. _92840 |
||
| 245 |
_aCulto Cristiano / _cs.n. |
||
| 250 | _a1 ed. | ||
| 260 |
_aNew York : _bPublicaciones El Escudo, _c1964 |
||
| 300 | _a743 p | ||
| 500 | _aHimnario Luterano | ||
| 650 | _aMusica | ||
| 650 |
_aMusica-Himnario _93792 |
||
| 650 |
_aHimnario Luterano _93793 |
||
| 942 | _cBK | ||
| 999 |
_c1775 _d1775 |
||